Integrated Intelligent Computing, Communication and Security

This book highlights the emerging field of intelligent computing and developing smart systems. It includes chapters discussing the outcome of challenging research related to distributed computing, smart machines and their security related research, and also covers next-generation communication techn...

Πλήρης περιγραφή

Λεπτομέρειες βιβλιογραφικής εγγραφής
Συγγραφή απο Οργανισμό/Αρχή: SpringerLink (Online service)
Άλλοι συγγραφείς: Krishna, A.N (Επιμελητής έκδοσης, http://id.loc.gov/vocabulary/relators/edt), Srikantaiah, K.C (Επιμελητής έκδοσης, http://id.loc.gov/vocabulary/relators/edt), Naveena, C. (Επιμελητής έκδοσης, http://id.loc.gov/vocabulary/relators/edt)
Μορφή: Ηλεκτρονική πηγή Ηλ. βιβλίο
Γλώσσα:English
Έκδοση: Singapore : Springer Singapore : Imprint: Springer, 2019.
Έκδοση:1st ed. 2019.
Σειρά:Studies in Computational Intelligence, 771
Θέματα:
Διαθέσιμο Online:Full Text via HEAL-Link
LEADER 03123nam a2200553 4500
001 978-981-10-8797-4
003 DE-He213
005 20191022091843.0
007 cr nn 008mamaa
008 181112s2019 si | s |||| 0|eng d
020 |a 9789811087974  |9 978-981-10-8797-4 
024 7 |a 10.1007/978-981-10-8797-4  |2 doi 
040 |d GrThAP 
050 4 |a Q342 
072 7 |a UYQ  |2 bicssc 
072 7 |a TEC009000  |2 bisacsh 
072 7 |a UYQ  |2 thema 
082 0 4 |a 006.3  |2 23 
245 1 0 |a Integrated Intelligent Computing, Communication and Security  |h [electronic resource] /  |c edited by A.N. Krishna, K.C. Srikantaiah, C Naveena. 
250 |a 1st ed. 2019. 
264 1 |a Singapore :  |b Springer Singapore :  |b Imprint: Springer,  |c 2019. 
300 |a X, 700 p. 295 illus., 215 illus. in color.  |b online resource. 
336 |a text  |b txt  |2 rdacontent 
337 |a computer  |b c  |2 rdamedia 
338 |a online resource  |b cr  |2 rdacarrier 
347 |a text file  |b PDF  |2 rda 
490 1 |a Studies in Computational Intelligence,  |x 1860-949X ;  |v 771 
505 0 |a Intelligent Systems -- Machine Vision -- Communications -- Security -- e-Learning, e-Business. 
520 |a This book highlights the emerging field of intelligent computing and developing smart systems. It includes chapters discussing the outcome of challenging research related to distributed computing, smart machines and their security related research, and also covers next-generation communication techniques and the networking technologies that have the potential to build the future communication infrastructure. Bringing together computing, communications and other aspects of intelligent and smart computing, it contributes to developing a roadmap for future research on intelligent systems. 
650 0 |a Computational intelligence. 
650 0 |a E-commerce. 
650 0 |a Electrical engineering. 
650 0 |a Optical data processing. 
650 1 4 |a Computational Intelligence.  |0 http://scigraph.springernature.com/things/product-market-codes/T11014 
650 2 4 |a e-Commerce/e-business.  |0 http://scigraph.springernature.com/things/product-market-codes/I26000 
650 2 4 |a Communications Engineering, Networks.  |0 http://scigraph.springernature.com/things/product-market-codes/T24035 
650 2 4 |a Computer Imaging, Vision, Pattern Recognition and Graphics.  |0 http://scigraph.springernature.com/things/product-market-codes/I22005 
700 1 |a Krishna, A.N.  |e editor.  |4 edt  |4 http://id.loc.gov/vocabulary/relators/edt 
700 1 |a Srikantaiah, K.C.  |e editor.  |4 edt  |4 http://id.loc.gov/vocabulary/relators/edt 
700 1 |a Naveena, C.  |e editor.  |4 edt  |4 http://id.loc.gov/vocabulary/relators/edt 
710 2 |a SpringerLink (Online service) 
773 0 |t Springer eBooks 
776 0 8 |i Printed edition:  |z 9789811087967 
776 0 8 |i Printed edition:  |z 9789811087981 
776 0 8 |i Printed edition:  |z 9789811342424 
830 0 |a Studies in Computational Intelligence,  |x 1860-949X ;  |v 771 
856 4 0 |u https://doi.org/10.1007/978-981-10-8797-4  |z Full Text via HEAL-Link 
912 |a ZDB-2-INR 
950 |a Intelligent Technologies and Robotics (Springer-42732)